WWE WrestleMania XXXI - Statistics

General Stats
  • This quiz has been taken 997 times
  • The average score is 15 of 23
Answer Stats
Clue Answer Opponent(s) Clue Opponent(s) % Correct
To end the Pre-show a battle royal was held. At the end, the winner was: Big Show Twenty Man over the top rope battle royal.
86%
We got a No DQ grudge match between icons up next: Sting Vs. Triple H
85%
The United States Championship was defended next: Rusev Vs. John Cena
83%
Which Hall of Famer is this battle royal named in honour of? Andre the Giant
82%
The sophmore match of the evening was a grudge match: Randy Orton Vs. Seth Rollins
82%
And finally, the WWE World Heavyweight Champion put his title on the line: Brock Lesnar Vs. Roman Reigns
81%
What stable interfered on Triple H's behalf? Degeneration X
79%
Who cashed in the Money in the Bank Briefcase mid way through the Main Event to make it a triple threat match? Seth Rollins
79%
We got the next challenger to the most storied WrestleMania streak of them all: Bray Wyatt Vs. The Undertaker
78%
Which female MMA fighter did this special guest enlist to scare off Stephanie McMahon? Ronda Rousey
78%
What stable interfered on the first opponent's behalf? The new World order
78%
When the Authority (Triple H and Stephanie McMahon) arrived at ringside to address the audience, who made a surprise appearnce to counter them? The Rock
77%
Who was in the defending champion's corner for this match? Lana
75%
Who was in the defending champion's corner for this match? Paul Heyman
75%
The WWE Tag Team Champions retained in this pre-show match. Tyson Kidd & Cesaro Vs. The New Day vs. Los Matadores vs. The Uso's
70%
The Divas took to the ring for a tag team match following that: AJ Lee & Paige Vs. The Bella Twins
68%
The show opened with the Intercontinental champion defending his title in a ladder match: Wade Barrett Vs. Daniel Bryan vs. R-Truth vs. Luke Harper vs. Stardust vs. Dolph Ziggler
64%
Who was last eliminated from the Battle Royal? Damien Mizdow
63%
What is the next Pay Per View event to follow WrestleMania 31? WWE Extreme Rules
45%
What was the name of the venue? Levi's Stadium
27%
In what city was the event held? Santa Clara, California
21%
What was the name of the main theme song used for this WrestleMania? Rise By David Guetta featuring Skylar Black
18%
Who opened the show with the singing of America the Beautiful? Aloe Blacc
13%
No matching quizzes found
Score Distribution
Percent of People with Each Score
Percentile by Number Answered
Your Score History
You have not taken this quiz